Precalculus : Graphs & models

With a visual, graphical approach that emphasizes connections among concepts, this text helps students make the most of their study time. The authors show how different mathematical ideas are tied together through their zeros, solutions, and x-intercepts theme; side-by-side algebraic and graphical s...

Full description

Saved in:
Bibliographic Details
Format: Book
Language:Undetermined
Published: Boston Pearson Addison Wesley 2006
Subjects:
Tags: Add Tag
No Tags, Be the first to tag this record!
Institutions: Trung tâm Học liệu Trường Đại học Cần Thơ
LEADER 01119nam a2200205Ia 4500
001 CTU_192430
008 210402s9999 xx 000 0 und d
082 |a 512.13 
082 |b P923 
245 0 |a Precalculus : 
245 0 |b Graphs & models 
245 0 |c Marvin L. Bittinger ... [et al.] 
260 |a Boston 
260 |b Pearson Addison Wesley 
260 |c 2006 
520 |a With a visual, graphical approach that emphasizes connections among concepts, this text helps students make the most of their study time. The authors show how different mathematical ideas are tied together through their zeros, solutions, and x-intercepts theme; side-by-side algebraic and graphical solutions; calculator screens; and examples and exercises. By continually reinforcing the connections among various mathematical concepts as well as different solution methods, the authors lead students to the ultimate goal of mastery and success in class. 
650 |a Algebra,Đại số 
650 |x Graphic methods,Phương pháp đồ họa 
910 |a Haỉ 
980 |a Trung tâm Học liệu Trường Đại học Cần Thơ